000 00670nam a2200181 a 4500
001 000300565
003 AM-YeHGA
005 20250618071934.0
008 040117s1896 ai r 000 0 arm d
040 _aAM-YeHGA
041 0 _aarm
100 1 _aՏեր-Գրիգորյան, Էմին Հովակիմի,
_d1855-1939
_92825
245 1 0 _aԴամոկլեան սուր :
_bԴրամա (էտիւդ) երկու արարուածով /
_cԷ. Տէր-Գրիգորեանց.
260 _aԵրեւան :
_bտպ. Է. Տէր-Գրիգորեանցի,
_c1896.
300 _a62 էջ ;
_c20 սմ.
650 1 4 _aՀայ գրականություն
_xԹատերգություն
090 _c111994
999 _c110658
_d110658